| 000 | 01012cam a22003257a 4500 | ||
|---|---|---|---|
| 003 | CHAP | ||
| 005 | 20220817044504.0 | ||
| 008 | 110506s2008 it a r 00010 spa d | ||
| 010 | _a102338 | ||
| 011 | _a103310 | ||
| 035 | _a113999 | ||
| 040 | _cCHAP | ||
| 082 | 1 | 0 |
_a333.72 _bF211 |
| 110 | 1 | _aFAO | |
| 245 | 1 | 0 |
_aHerramientas para la mitigación y la adaptación al cambio climático, en el marco de la implementación de la UNCCD _c/por FAO |
| 260 |
_aRoma : _bFAO, _c2008 |
||
| 300 | _a76 p. | ||
| 590 |
_aBATCH-UPD _b10 _c20130110 |
||
| 590 |
_aBATCH-UPD _b10 _c20130410 |
||
| 590 |
_aBATCH-UPD _b10 _c20130914 |
||
| 590 |
_aCONVERSION _b10 _c20130109 |
||
| 650 | 1 | 4 |
_aCambios climáticos. _917792 |
| 650 | 1 | 4 | _aDesarrollo sustentable. |
| 650 | 1 | 4 |
_aDesertificación. _932128 |
| 650 | 1 | 4 |
_aPolítica ambiental. _990422 |
| 650 | 1 | 4 |
_aRecursos naturales _xConservación. |
| 901 | _aBK | ||
| 942 |
_cLIBRO _2ddc |
||
| 949 |
_a333.72 F211 _bBC _cFAO _d33724002310637 _eFAO1 _gDonaciØn _h115938 _i113999 _sb |
||
| 999 |
_c102338 _d102338 |
||